Państwa z największą gęstością zaludnienia - Statystyki

Ogólne statystyki
  • Ten quiz został rozwiązany 460 razy
  • Średni wynik to 11 z 25
Statystyki odpowiedzi
Gęstość
Zaludnienia
Kraj % Poprawnych
355 Indie
83%
18 713 Monako
81%
1 818 Watykan
76%
961 Bangladesz
69%
337 Japonia
69%
461 San Marino
69%
7 697 Singapur
64%
490 Korea Południowa
58%
395 Holandia
49%
316 Belgia
47%
1 217 Malta
47%
628 Tajwan
43%
2 375 Bahrajn
40%
294 Izrael
37%
599 Nauru
31%
1 099 Malediwy
28%
296 Sri Lanka
27%
435 Tuvalu
26%
358 Liban
23%
312 Wyspy Marshalla
22%
297 Rwanda
21%
645 Barbados
19%
651 Mauritius
19%
300 Saint Vincent i Grenadyny
17%
308 Salwador
14%
Nie znaleziono quizów pasujących do podanych kryteriów
Rozkład punktacji
Procent ludzi z każdym wynikiem
Percentyl według liczby udzielonych odpowiedzi
Twoja historia wyników
Nie rozwiązałeś tego quizu